Pete the cat : (Record no. 610)

MARC details
000 -CABECERA
campo de control de longitud fija 01065nam a22002894c 4500
003 - IDENTIFICADOR DE NUMERO DE CONTROL
campo de control AR-BaSMT
008 - CAMPOS DE LONGITUD FIJA
campo de control de longitud fija 260401b2013 usa|||br|||| 00| 1 eng d
020 ## - ISBN: Indicadores indefinidos
Número ISBN 9780062110695
040 ## - FUENTE DE CATALOGACION
Agencia de catalogación original BSGB
Idioma de catalogación español
Agencia que realiza la transcripción BSGB
Convenciones de la descripción rda
041 0# - CODIGO DE IDIOMA
Código idioma ing
Idioma original Inglés
080 ## - CDU
CDU completo 82-34=111
100 1# - PUNTO DE ACCESO PRINCIPAL
Nombre de persona Dean, James,
Enlace autoridades 445
245 10 - MENCION DE TITULO
Título Pete the cat :
Subtítulo Pete´s big lunch
250 ## - MENCION DE EDICION
Mención de edición Primera edición
264 #1 - PRODUCCIÓN, PUBLICACIÓN, DISTRIBUCIÓN, ETC.
Lugar de publicación, etc. New york :
Nombre editor. Harpers Collins Publishers ,
Fecha 2013
300 ## - DESCRIPCION FISICA
Extensión 32 páginas ;
Otros detalles físicos ilustraciones color
336 ## - TIPO DE CONTENIDO
rdacontent rdacontent
texto texto
txt txt
337 ## - TIPO DE MEDIO
rdamedia rdamedia
sin mediación sin mediación
n n
338 ## - TIPO DE SOPORTE
rdacarrier rdacarrier
volumen volumen
nc nc
490 ## - TÍTULO DE LA SERIE
Título de la serie My first reading
520 ## - NOTA DE SUMARIO, RESUMEN, ETC.
Toda la nota Pete the cat is hungry. Pete is going to make the grooviest sandwich ever! But what happens if his sandwich is too big for Pete to eat?
URL, URI, etc. https://www.petethecatbooks.com/books/9780062110701/pete-the-cat-petes-big-lunch/<br/>01/04/2026
521 ## - NOTA DE PÚBLICO DESTINATARIO
Nota de audiencia A partir de 6 años
650 #7 - PUNTO DE ACCESO ADICIONAL DE MATERIA – TÉRMINO TEMÁTICO
Enlace autoridades 8
Término de materia o nombre geográfico como elemento de entrada LITERATURA INFANTIL
650 #7 - PUNTO DE ACCESO ADICIONAL DE MATERIA – TÉRMINO TEMÁTICO
Enlace autoridades 23
Término de materia o nombre geográfico como elemento de entrada CUENTO
Subdivisión geográfica Estados Unidos
942 ## - ELEMENTOS AGREGADOS (KOHA)
CDU Clasificación Decimal Dewey
Tipo de ítem Libros
Holdings
Disponible Perdido Fuente de clasificación Estado Ubicación permanente Locación actual Estante o sala Fuente de adquisición Número de inventario Total préstamos Signatura topográfica Código de barras Numero de ejemplar Tipo de item de Koha Calificador de localización códificado
    Clasificación Decimal Dewey   Biblioteca Susana G. De Batemarco Biblioteca Susana G. De Batemarco Amarillo Compra 000763   82-34=111 DEA 000763 1 Libros  
    Clasificación Decimal Dewey   Biblioteca Susana G. De Batemarco Biblioteca Susana G. De Batemarco Amarillo Compra 000767   82-34=111 DEA 000767 2 Libros  

Powered by Koha